[Event "Wch Seniors 65 28th"]
[Site "Bled"]
[Date "2018.11.29"]
[Round "11"]
[White "Turegano Moratalla, Santiago"]
[Black "Ciuro Munoz, Ricardo"]
[Result "0-1"]
[WhiteElo "1808"]
[BlackElo "2014"]
[PlyCount "94"]
[EventDate "2018.11.18"]
[EventType "swiss"]
[EventRounds "11"]
[EventCountry "SLO"]
[SourceTitle "EXT 2020"]
[Source "ChessBase"]
[SourceDate "2019.10.17"]
[SourceVersion "1"]
[SourceVersionDate "2019.10.17"]
[SourceQuality "1"]

1. e4 e6 2. d4 d5 3. Nc3 dxe4 4. Nxe4 Bd7 5. Nf3 Bc6 6. Neg5 Bd6 7. Nxf7 Kxf7 8. Ng5+ Ke7 9. Bc4 Bd5 10. Bxd5 exd5 11. 0-0 Nh6 12. Qe2+ Kd7 13. Qe6+ Kc6 14. c4 Qg8 15. cxd5+ Kb6 16. Ne4 Qxe6 17. dxe6 Ng4 18. Nxd6 cxd6 19. d5 Nf6 20. Rd1 Na6 21. Be3+ Kc7 22. a3 Kd8 23. Rd3 Ke7 24. f3 Rhc8 25. Rad1 Rc2 26. b4 b6 27. Bg5 Rac8 28. h4 R8c3 29. Kh2 Nc7 30. Kg3 Nce8 31. Kf4 Rc4+ 32. Rd4 h6 33. Bxf6+ Nxf6 34. Rxc4 Rxc4+ 35. Kf5 Rxh4 36. g4 Rh3 37. Rd3 g5 38. Kg6 h5 39. Rc3 Nxd5 40. Rc8 hxg4 41. fxg4 Rxa3 42. Kxg5 Kxe6 43. Re8+ Kd7 44. Re4 Re3 45. Rd4 Ke6 46. Kg6 Ke5 47. Rc4 Re4 0-1

[Event "Wch Seniors 65 28th"]
[Site "Bled"]
[Date "2018.11.27"]
[Round "9"]
[White "Turegano Moratalla, Santiago"]
[Black "Davydov, Mihail"]
[Result "0-1"]
[WhiteElo "1808"]
[BlackElo "1959"]
[PlyCount "82"]
[EventDate "2018.11.18"]
[EventType "swiss"]
[EventRounds "11"]
[EventCountry "SLO"]
[SourceTitle "CBM 187 Extra"]
[Source "ChessBase"]
[SourceDate "2018.11.04"]
[SourceVersion "1"]
[SourceVersionDate "2018.11.04"]
[SourceQuality "1"]

1. e4 c6 2. Nf3 d5 3. Nc3 dxe4 4. Nxe4 Nd7 5. Qe2 e6 6. d4 Ngf6 7. Bf4 Nxe4 8. Qxe4 Nf6 9. Qd3 b6 10. Ne5 Bb7 11. 0-0-0 Be7 12. Be2 0-0 13. Bf3 Qc8 14. Bg5 Rd8 15. Qe2 c5 16. dxc5 Bxf3 17. Qxf3 Qxc5 18. Bf4 Rd5 19. Rxd5 Qxd5 20. Qxd5 Nxd5 21. Bd2 Rc8 22. Nd3 f6 23. Re1 Kf7 24. Nf4 Nxf4 25. Bxf4 e5 26. Bd2 g5 27. f3 h5 28. Re4 h4 29. h3 Ke6 30. Bc3 Rd8 31. Rc4 Bc5 32. Bd2 Rd7 33. b4 Bf2 34. b5 Bg3 35. c3 Bf4 36. Bxf4 gxf4 37. Rc8 Rg7 38. Rh8 Rxg2 39. Rxh4 Rxa2 40. Rh7 e4 41. fxe4 f3 0-1

[Event "Wch Seniors 65 28th"]
[Site "Bled"]
[Date "2018.11.21"]
[Round "4"]
[White "Brouwer, Willem"]
[Black "Turegano Moratalla, Santiago"]
[Result "1-0"]
[WhiteElo "1608"]
[BlackElo "1808"]
[PlyCount "70"]
[EventDate "2018.11.18"]
[EventType "swiss"]
[EventRounds "11"]
[EventCountry "SLO"]
[SourceTitle "CBM 187 Extra"]
[Source "ChessBase"]
[SourceDate "2018.11.04"]
[SourceVersion "1"]
[SourceVersionDate "2018.11.04"]
[SourceQuality "1"]

1. d4 d6 2. Bf4 g6 3. e3 Bg7 4. Nf3 Nf6 5. Be2 0-0 6. h3 b6 7. 0-0 Bb7 8. a4 a6 9. Bh2 Nbd7 10. Nbd2 e6 11. c3 Qe7 12. Nc4 Rad8 13. Re1 Ne4 14. Ncd2 e5 15. Bf1 Nxd2 16. Nxd2 f5 17. dxe5 dxe5 18. Qc2 Qg5 19. Rad1 Nc5 20. b4 Nd3 21. Re2 f4 22. exf4 Nxf4 23. Bxf4 Qxf4 24. g3 Qf6 25. Bg2 Bxg2 26. Kxg2 e4 27. Nxe4 Qf3+ 28. Kg1 Rxd1+ 29. Qxd1 Bxc3 30. Qb3+ Rf7 31. Nxc3 Kg7 32. Qb2 Rd7 33. Nd5+ Kh6 34. Ne3 Rd3 35. Ng4+ Kh5 1-0